[Event "Budapest FS05 GM"]
[Site "Budapest"]
[Date "1995.??.??"]
[Round "7"]
[White "Enders, Peter"]
[Black "Kalinitschew, Sergey"]
[Result "1-0"]
[WhiteElo "2480"]
[BlackElo "2465"]
[Annotator "Kalinitschew,S"]
[PlyCount "79"]
[EventDate "1995.05.??"]
[EventType "tourn"]
[EventRounds "11"]
[EventCountry "HUN"]
[EventCategory "9"]
[SourceTitle "CBM 047 Extra"]
[Source "ChessBase"]
[SourceDate "1995.09.01"]
[SourceVersion "1"]
[SourceVersionDate "1995.09.01"]
[SourceQuality "1"]

1. e4 c5 2. Nf3 Nc6 3. d4 cxd4 4. Nxd4 Nf6 5. Nc3 e5 6. Ndb5 d6 7. Bg5 a6 8.
Na3 b5 9. Bxf6 gxf6 10. Nd5 Bg7 11. Bd3 (11. c3 Ne7 12. Nxe7 Qxe7 13. Nc2 f5 $5
14. exf5 O-O 15. Ne3 Bb7 16. Bd3 $2 d5 17. Qh5 e4 18. Be2 b4 19. O-O bxc3 20.
bxc3 Bxc3 21. Rab1 f6 $1 22. Rb6 Kh8 23. Rfb1 Ra7 24. Re6 Qg7 25. Rb3 $2 d4 26.
Ng4 Bd5 27. Rbb6 Bxe6 28. fxe6 d3 29. Bd1 Qg5 30. Qh3 Qc1 31. Ne3 Bd4 32. Qh6
Rg7 $2 33. e7 $2 (33. Rb7 f5 $19) 33... Rfg8 34. e8=Q Qxd1+ {0-1/Kovalev,A
2545-Kalinitschew,S 2465/Forst 15'1995}) 11... Ne7 12. Nxe7 Qxe7 13. O-O f5 14.
f3 $6 O-O 15. Kh1 $6 d5 16. c3 Rd8 17. Qe2 dxe4 18. fxe4 f4 19. Nc2 Rd6 20.
Rad1 Rh6 21. Ne1 Bf6 $1 (21... Qh4 22. Nf3 Qh5 23. Bc2 Bg4 24. Rd2 $14) 22. Qd2
$1 Bh4 (22... Be6 23. a3 (23. Be2 Bxa2 24. Ra1 Rd8 $17) 23... Bh4 24. Nf3 (24.
Be2 $2 Bg3 $19) 24... Bg3 25. h3 Qc5) 23. Be2 Be6 (23... Bb7 $1 24. Bf3 Bg3 25.
h3 Bc6 26. Nc2 a5 $15) 24. Qd6 Qf6 $2 (24... Qxd6 25. Rxd6 Rd8 26. Rxa6 (26.
Rxd8+ Bxd8 27. Nd3 $1 Bxa2 $5 28. Nxe5 Bc7) 26... Rd2 27. Bxb5 Rxb2 28. a4 Bxe1
29. Rxe1 f3 30. Rg1 Kf8 $11) 25. Nf3 Rh5 26. Ng1 Rh6 27. Qc6 Rc8 $2 28. Qxa6
Kh8 29. Qxb5 Bg3 30. h3 Rg8 31. Bf3 Qg5 $2 (31... Rh4 32. a4 $2 (32. Rd6) 32...
Bc8 $3 33. Qa5 Qh6 34. Rd8 Bxh3 35. Qxe5+ f6 36. Rxg8+ Kxg8 37. Qe8+ $11 {
Bunzmann}) 32. Rd2 Rh4 33. a4 Rg6 34. a5 Kg7 35. Qe8 Be1 $2 $138 36. Rxe1 Qg3
37. Rf1 Bxh3 38. Qxe5+ Kh6 39. gxh3 f6 40. Qf5 1-0

[Event "Berliner Sommer 11th"]
[Site "Berlin"]
[Date "1993.08.17"]
[Round "4"]
[White "Steinbacher, Matthias"]
[Black "Kalinitschew, Sergey"]
[Result "0-1"]
[WhiteElo "2385"]
[BlackElo "2480"]
[Annotator "Kalinitschew,S"]
[PlyCount "62"]
[EventDate "1993.08.??"]
[EventType "swiss"]
[EventRounds "9"]
[EventCountry "GER"]
[SourceTitle "TD"]
[Source "ChessBase"]
[SourceDate "1994.03.01"]
[SourceVersion "1"]
[SourceVersionDate "1994.03.01"]
[SourceQuality "1"]

1. e4 c5 2. Nf3 Nc6 3. d4 cxd4 4. Nxd4 Nf6 5. Nc3 e5 6. Ndb5 d6 7. Bg5 a6 8.
Na3 b5 9. Nd5 Be7 10. Bxf6 Bxf6 11. c3 Bb7 12. Nc2 Nb8 13. a4 bxa4 14. Ncb4 $6
$146 O-O 15. Qxa4 a5 $1 16. Nxf6+ Qxf6 17. Nd5 Bxd5 18. exd5 Qg6 $32 19. h4 f5
$6 (19... h5 20. Rh3 (20. b4 $2 Qe4+) 20... Na6 {[%csl Re1]}) 20. h5 Qh6 21. b4
e4 22. bxa5 e3 (22... Na6 23. Bxa6 Rxa6 {[%csl Re1,Rh5][%cal Gf8a8]}) 23. f4 (
23. Rh3 $5) 23... Nd7 $1 (23... Na6 24. Bxa6 Rxa6 25. Qc4 Rfa8 26. Ke2 $16) 24.
Qxd7 $8 Qxf4 25. Ra2 $4 (25. Be2 Qf2+ 26. Kd1 Qxg2 27. Qe6+ Kh8 28. Rf1 Rae8 $5
(28... f4 29. Rf3 Qh1+ 30. Rf1 Qg2 31. Rf3 Qh1+ $11) 29. Qxd6 Rd8 30. Rxf5 Rfe8
31. Qf4 (31. Qc5 $2 Qh1+) 31... Rxd5+ 32. Rxd5 Qxd5+ 33. Ke1 Qh1+ 34. Qf1 (34.
Bf1 e2 35. Kf2 exf1=Q+ 36. Rxf1 Qxh5 37. Kg1 Qc5+ 38. Kh1 h6 $17) 34... Qh4+
35. Kd1 Qd8+ 36. Bd3 (36. Kc2 Qd2+ 37. Kb3 Rb8+ 38. Bb5 e2 39. Qf5 Qd1+ 40.
Rxd1 exd1=Q+ 41. Kb4 Qd6+ $17) 36... e2+ 37. Qxe2 Rxe2 38. Kxe2 Qe8+ 39. Kd2
Qxh5 40. a6 Qh6+ 41. Kc2 Qh2+ 42. Kb3 Qb8+ 43. Kc2 Qh2+ $11 (43... Qa7 44. Rb1
{[%cal Gb1b7]})) 25... Rxa5 $19 26. h6 Qg3+ 27. Kd1 Rxa2 28. Qe6+ Kh8 29. hxg7+
Qxg7 30. Qxe3 Rb8 31. Kc1 Rab2 {1.50-1.23} 0-1

[Event "EU-chT (Men) 16th"]
[Site "Heraklion"]
[Date "2007.10.29"]
[Round "2.1"]
[White "Karjakin, Sergey"]
[Black "Shirov, Alexei"]
[Result "1-0"]
[WhiteElo "2694"]
[BlackElo "2739"]
[Annotator "Karjakin,S"]
[PlyCount "63"]
[EventDate "2007.10.28"]
[EventType "team-swiss"]
[EventRounds "9"]
[EventCountry "GRE"]
[SourceTitle "CBM 121"]
[Source "ChessBase"]
[SourceDate "2007.11.14"]
[SourceVersion "1"]
[SourceVersionDate "2007.11.14"]
[SourceQuality "1"]
[WhiteTeam "Ukraine"]
[BlackTeam "Spain"]
[WhiteTeamCountry "UKR"]
[BlackTeamCountry "ESP"]

1. e4 {Rogozenko} c5 2. Nf3 Nc6 3. d4 cxd4 4. Nxd4 Nf6 5. Nc3 e5 6. Ndb5 d6 7.
Bg5 a6 8. Na3 b5 9. Nd5 Be7 10. Bxf6 Bxf6 11. c3 O-O 12. Nc2 Rb8 13. h4 Be7 14.
g3 Be6 15. a3 a5 $2 {Rogozenko: 'A natural reaction after White's last move:
Black seizes space and prevents Ncb4. However, Black should try to manage
without the advance of the a-pawn yet.'} (15... Qd7 {is probably stronger. ist
vermutlich stärker.} 16. Ncb4 {Rogozenko} Nxb4 (16... Bxd5 17. Qxd5 Rb6 18. Bh3
Qb7 19. O-O a5 20. Nc2 $14 {0-1 Lanka,Z (2505)-Van Kooten,L (2236)/Groningen
2002 (59)}) 17. axb4 Ra8 18. Bg2 ({After} 18. Nb6 $2 Qb7 {the knight has to
return to d5}) 18... Bd8 19. O-O Ra7 (19... a5 20. bxa5 Rxa5 21. Rxa5 Bxa5 22.
Qd3 Qb7 23. Rd1 $14 (23. Ne3 Bc4 24. Nxc4 bxc4 $11) 23... b4 $140 24. Ra1 Bxd5
25. Rxa5 Bc6 26. Qxd6 bxc3 27. bxc3 Bxe4 28. Bxe4 Qxe4 29. Rxe5 $16) (19... Qb7
$5) (19... Qc6 $142 20. Ne3 Bb6 $11 (20... a5 $11)) 20. Qd3 g6 21. Ne3 (21.
Rfd1 f5 22. exf5 gxf5 23. c4 e4 24. Qd4 bxc4 25. b5 a5 (25... Qxb5 $2 26. Qxa7
Bxd5 27. Qxa6 Qc5 28. b4 Qc6 29. Qxc6 Bxc6 30. Rxd6 $18 {Baramidze,D (2463)
-Uwira,O (2246)/Bad Zwesten 2004}) 26. Qxc4 (26. b6 Rb7 $15) 26... Rb7 27. Bf1
Qg7 $5 $132 {[%cal Gd8h4]}) 21... Kh8 22. Rfd1 Be7 23. Nd5 Bd8 24. Ne3 Be7 25.
h5 $14 {1/2-1/2 Baramidze,D (2543)-Noetzel,F (2320)/Germany 2004 (63)}) 16.
Nce3 {Now Black has problems. Rogozenko: 'White's move order is tricky: the
bishop remained on f1 in order to go eventually to b5 at once, the knight came
to e3 so that Black must always consider the further move to f5 and finally
White didn't advance the h-pawn to h5 in order to keep control over the
g5-square and thus prevent ...Bg5. It is already not simple for Black to
achieve a convenient position. On top of all this White has concrete
possibilities to develop the initiative on the queenside.' Nun hat Schwarz
Probleme.} ({Worse is} 16. b4 {Rogozenko} Qd7 17. Nce3 Bd8 18. Bd3 Ne7 19.
Nxe7+ Qxe7 20. Qe2 Qc7 21. Rc1 axb4 22. axb4 Qb7 23. O-O Bb6 $11 {1/2-1/2
Alekseev,E (2679)-Khalifman,A (2624)/Kirishi (rapid) 2007 (48)}) 16... Re8 $6 {
This is dubious, but Black is already facing problems. Dies ist zweifelhaft,
doch Schwarz hat es bereits nicht leicht.} ({If Black tries to play the
typical plan Qd7, Bd8, Ne7, Bb6, then White has a strong refutation: Wenn der
Nachziehende versucht, den typischen Plan Qd7, Bd8, Ne7, Bb6 umzusetzen, so
hat Weiß eine starke Widerlegung:} 16... Qd7 17. a4 $1 (17. Bd3 {Rogozenko} Bd8
18. Kf1 Ne7 19. Bc2 Bb6 20. Nxe7+ Qxe7 21. Nd5 Qa7 22. Qe2 f5 $132 {1-0
Hirneise,T (2214)-Behm,S (2229)/Balingen 2006 (52)}) 17... b4 (17... bxa4 18.
Qxa4 Bd8 19. Bb5 $16) 18. Bb5 $14) (16... a4 17. Bd3 Na5 18. Qe2 Nb3 (18... Qd7
19. O-O-O $16 (19. Rd1 {Rogozenko} Bd8 20. O-O Nb3 21. Bc2 Nc5 22. Rd2 $14 {
/+/-, 1-0 Lanka,Z (2488)-Sprenger,J (2431)/Hamburg 2003 (32)})) 19. Rd1 Nc5 20.
Bxb5 Nxe4 21. Bxa4 f5 22. Bc6 {Black has not enough compensation, but it was
the better decision. Schwarz hat keine genügende Kompensation, dennoch war
dies die bessere Entscheidung.}) 17. a4 $1 {Rogozenko: 'The apparent loss of a
tempo (first a2-a3 and then a3-a4) is not significant at all. On the contrary,
White wisely exploits in his favour opponent's extra move (...Re8).'} b4 ({
Also bad was Ebenfalls schlecht war} 17... bxa4 18. Qxa4 Bd7 19. Bb5 Qc8 20.
O-O Qb7 21. Bxc6 Bxc6 (21... Qxc6 22. Qxc6 Bxc6 23. b4 axb4 24. cxb4 $16) 22.
Qxa5 Qxb2 23. Qc7 Bxd5 24. Nxd5 $16) ({Or Rogozenko: Relatively best is Oder} 
17... Na7 {Rogozenko: 'with the idea to transfer the knight to c7, if allowed.
But even in that case White is better:'} 18. axb5 Nxb5 19. Bc4 Nc7 20. b3 $14 {
Rogozenko: '/+/-'}) 18. Bb5 Bd7 19. O-O $16 bxc3 20. bxc3 Bf8 21. Qd3 {Black
has a very bad bishop on f8 without counterplay and White has a very easy play.
Schwarz hat einen ganz schlechten Läufer auf f8 und keinerlei Gegenspiel,
dagegen spielt sich die Stellung des Anziehenden sehr leicht.} Na7 (21... g6
22. Rfd1 Kh8 23. Nc4 $16) 22. Bxd7 Qxd7 23. Qa6 $1 Nc6 24. Rab1 Red8 25. Rb6
Rxb6 26. Nxb6 Qa7 27. Qxa7 Nxa7 28. Nbc4 Rc8 29. Rb1 Rc5 30. Rb8 g6 31. Ra8 (
31. Nb6 Nc6 32. Re8 Ne7 33. Nd7 Rc8 34. Nd5 Rxe8 35. N5f6+ Kg7 36. Nxe8+ Kg8
37. Nxd6 $18 {was winning immediately, but my opponent was in big time trouble
and I played 31.Ra8 without any thinking. gewann sofort, doch mein Gegner war
in großer Zeitnot, und ich spielte 31.Ra8 ohne jegliches Nachdenken.}) 31...
Nc6 (31... Nc8 {was more stubborn, but did not change the evalution of the
position. war hartnäckiger, änderte aber nichts an der Bewertung der Stellung.}
) 32. Nb6 1-0

[Event "Berlin East AdW 3rd"]
[Site "Berlin East"]
[Date "1986.09.07"]
[Round "10"]
[White "Goldberg, Alexander"]
[Black "Kalinitschew, Sergey"]
[Result "0-1"]
[WhiteElo "2330"]
[BlackElo "2410"]
[Annotator "Kohlmeyer,D"]
[PlyCount "66"]
[EventDate "1986.08.29"]
[EventType "tourn"]
[EventRounds "11"]
[EventCountry "DDR"]
[EventCategory "3"]
[SourceTitle "EXT 2006"]
[Source "ChessBase"]
[SourceDate "2005.11.24"]
[SourceVersion "1"]
[SourceVersionDate "2005.11.24"]
[SourceQuality "1"]

{SCHACH 11/1986} 1. e4 c5 2. Nf3 Nc6 3. d4 cxd4 4. Nxd4 e6 5. Nc3 Nf6 6. Ndb5
d6 7. Bf4 e5 8. Bg5 a6 9. Na3 b5 10. Nd5 Be7 11. Bxf6 Bxf6 12. c3 O-O 13. Nc2
Bg5 14. a4 bxa4 15. Rxa4 Bb7 $6 ({Üblich} 15... a5) 16. Bc4 $6 (16. b4 $142)
16... Na5 17. Ba2 Bc6 18. Ra3 $6 (18. Rb4) 18... Bb5 19. h4 $6 {Nervöser,
schwächender Zug.} ({Richtig gleich} 19. Nce3) 19... Bh6 20. Nce3 ({Konsequent
} 20. g4) 20... Bxe3 21. Nxe3 Rc8 22. Nf5 ({Besser} 22. b4 Nc4 23. Nxc4 Bxc4
24. Bxc4 Rxc4 25. Qd3 {etwa Ausgleich}) 22... Nc4 23. Bxc4 Rxc4 24. Nxd6 $6 {
Nun folgt eine Überraschung. Mit einem Qualitätsopfer versucht Schwarz, die
unsichere Lage des weissen Königs auszunutzen.} Rd4 $5 25. cxd4 Qxd6 26. Qd2 $2
({Richtig} 26. f3 exd4 27. Qd2) 26... exd4 27. Kd1 $2 ({Immer noch} 27. f3 f5
28. e5 $5 Qxe5+ 29. Kf2) 27... Rc8 $1 {Erst jetzt steht der weisse König
kritisch.} 28. Rhh3 Qc6 29. f3 Qc4 $1 30. Rh1 h6 31. Ra1 {Verlegenheit} Qb3+
32. Ke1 Rc2 33. Ra3 $6 Qxb2 0-1

[Event "Asti op 15th"]
[Site "Asti"]
[Date "1994.??.??"]
[Round "?"]
[White "Belotti, Bruno"]
[Black "Komarov, Dimitri"]
[Result "1/2-1/2"]
[WhiteElo "2455"]
[BlackElo "2565"]
[Annotator "Komarov,D"]
[PlyCount "80"]
[EventDate "1994.??.??"]
[EventType "swiss"]
[EventRounds "9"]
[EventCountry "ITA"]
[SourceTitle "CBM 044"]
[Source "ChessBase"]
[SourceDate "1995.02.01"]
[SourceVersion "1"]
[SourceVersionDate "1995.02.01"]
[SourceQuality "1"]

1. e4 c5 2. Nf3 Nc6 3. d4 cxd4 4. Nxd4 Nf6 5. Nc3 e5 6. Ndb5 d6 7. Bg5 a6 8.
Na3 b5 9. Nd5 Be7 10. Bxf6 Bxf6 11. c3 (11. Nb1 Rb8 12. Nbc3 Bg5 13. b4 O-O 14.
a4 Nd4 15. Bd3 Be6 16. O-O Qd7 17. axb5 axb5 18. Ne2 Nxe2+ 19. Qxe2 Bxd5 20.
exd5 Bd8 21. f4 f5 $1 $17 {Borgo,G-Komarov,D/Porto/1994/}) 11... Rb8 12. Nc2
Bg5 13. a4 bxa4 14. Ncb4 Bd7 (14... Nxb4 15. cxb4 $5 O-O 16. Rxa4 $16) 15. Bxa6
Nxb4 16. Nxb4 Qa5 $6 {N/} (16... O-O 17. O-O Rb6) 17. Qxd6 $1 (17. Qd3 Rxb4 18.
cxb4 Qxb4+ $146) 17... Rb6 18. Qd3 Be6 (18... Be7 19. Nd5 $18) 19. O-O O-O (
19... Be7 20. Bc4 Bxb4 21. Bxe6 Rxe6 (21... fxe6 22. cxb4 Qxb4 (22... Rxb4 23.
Qd6 Rb6 24. Rxa4 $1) 23. Qg3 $16) 22. cxb4 Qxb4 23. Qc2 $16) 20. Bc4 Rd8 21.
Bd5 Be7 22. Qd1 $1 $16 Bxb4 23. Rxa4 Qc5 24. cxb4 Qd6 $8 (24... Rxb4 25. Bxe6
Rxd1 26. Ra8+ Qf8 27. Bxf7+ Kxf7 28. Rxf8+ Kxf8 29. Rxd1 $18) 25. Qb3 Bxd5 26.
exd5 g6 $14 27. Rd1 f5 28. Ra5 (28. Kf1 Rdb8 $1) 28... Rxb4 29. Qa3 Qb6 30. Ra8
Rxa8 31. Qxa8+ Kg7 32. Qe8 Qf6 33. Qc6 $1 Rxb2 34. Qc5 Qb6 35. Qxb6 Rxb6 36. f3
Kf6 37. Kf2 Rb2+ 38. Kg3 Ke7 39. Ra1 Rd2 40. Ra7+ Kd6 1/2-1/2

[Event "Herne Benefiz 3rd"]
[Site "Herne"]
[Date "2003.09.28"]
[Round "6"]
[White "Koscielski, Janusch"]
[Black "Rotstein, Arkadij"]
[Result "1-0"]
[WhiteElo "2312"]
[BlackElo "2533"]
[Annotator "Koscielski,J"]
[PlyCount "65"]
[EventDate "2003.05.30"]
[EventType "tourn"]
[EventRounds "7"]
[EventCountry "GER"]
[SourceTitle "EXT 2004"]
[Source "ChessBase"]
[SourceDate "2003.11.25"]
[SourceVersion "1"]
[SourceVersionDate "2003.11.25"]
[SourceQuality "1"]

1. e4 c5 2. Nf3 e6 3. d4 cxd4 4. Nxd4 a6 5. Bd3 Bc5 6. Nb3 Be7 7. O-O d6 8. Nc3
Nf6 9. f4 Qc7 10. Qf3 Nc6 11. Kh1 O-O 12. Bd2 b5 13. Rae1 Bb7 14. Qh3 e5 $2 15.
Nd5 Qc8 16. Qg3 Bd8 17. fxe5 Nxd5 18. exd5 (18. Bh6 g6 19. exd5) 18... Nxe5 19.
Bf5 $6 (19. Rxe5 $1 dxe5 20. Bh6 g6 21. Bxf8 Kxf8 22. Qxe5) 19... Qc4 $2 20.
Rf4 Qc7 21. Be4 g6 22. Ref1 Qe7 23. h4 h5 24. Nd4 Kh7 25. Ne6 Bb6 26. Nxf8+
Rxf8 27. Rf6 Bd8 28. Qg5 Kg8 29. Bc3 Kg7 30. Rxg6+ fxg6 31. Qxg6+ Kh8 32. Rxf8+
Qxf8 33. Qh7# 1-0

[Event "Rubinstein Memorial 32nd"]
[Site "Polanica Zdroj"]
[Date "1995.??.??"]
[Round "1"]
[White "Huebner, Robert"]
[Black "Krasenkow, Michal"]
[Result "1/2-1/2"]
[WhiteElo "2630"]
[BlackElo "2590"]
[Annotator "Krasenkow,M"]
[PlyCount "67"]
[EventDate "1995.08.??"]
[EventType "tourn"]
[EventRounds "11"]
[EventCountry "POL"]
[EventCategory "14"]
[SourceTitle "CBM 049"]
[Source "ChessBase"]
[SourceDate "1995.12.01"]
[SourceVersion "1"]
[SourceVersionDate "1995.12.01"]
[SourceQuality "1"]

1. e4 {Horvath,T} c5 2. Nf3 e6 3. Nc3 Nc6 4. d4 cxd4 5. Nxd4 Nf6 6. Ndb5 d6 7.
Bf4 e5 8. Bg5 a6 9. Na3 b5 10. Nd5 Be7 11. Bxf6 Bxf6 12. c3 Rb8 13. Nc2 Bg5 14.
g3 (14. Bd3 {Horvath,T} Be6 15. Nce3 Ne7 16. Bc2 Nxd5 17. Nxd5 O-O 18. O-O a5
$10 {Besztercsenyi-Horvath,T/Zalaegerszeg/1995}) 14... O-O 15. Bg2 a5 16. O-O
Be6 $146 (16... b4 $5) (16... Ne7 {Horvath,T} 17. f4 Nxd5 18. fxg5 Nc7 $1 19.
h4 b4 20. c4 Ne6 21. b3 $10 {Vasguez-Catropa/Sao Paulo/1993}) 17. Qd3 Ne7 18.
Nce3 Bxe3 19. Nxe3 (19. Nxe7+ $6 Qxe7 20. Qxe3 b4) 19... Qb6 20. Rfd1 Rfd8 $10
21. a3 (21. Nf5 $6 {Horvath,T} Bxf5 22. exf5 d5 $15) 21... g6 (21... Bb3 $142)
22. b4 Ra8 23. Bf1 Rab8 24. Rab1 axb4 25. axb4 (25. Rxb4 Qa5 26. Rxb5 Rxb5 27.
Qxb5 Qxa3 28. Qb6 Rd7 (28... Rc8 29. Rxd6 Qxc3 30. Rxe6 fxe6 31. Qxe6+ $18) 29.
Qb8+ (29. Bb5 Nc8 30. Qb8 Ra7 $10) 29... Kg7 30. Bb5 Qb3 $10 31. Rxd6 $140 $2
Rxd6 32. Qxd6 Qxb5 33. Qxe7 Qb1+ $17) 25... d5 (25... f5 $2 {Horvath,T} 26. Bh3
d5 27. exf5 e4 28. Qe2 gxf5 29. Qh5 $16) 26. exd5 Nxd5 27. Nxd5 Rxd5 28. Qe2
Qc7 29. Qe3 Rbd8 30. Rxd5 Rxd5 31. Re1 (31. Ra1 $5 Kg7) 31... e4 32. Rc1 Qe5
33. h4 Rd6 34. Qc5 1/2-1/2

[Event "RUS-ch"]
[Site "Elista"]
[Date "1995.??.??"]
[Round "1"]
[White "Yemelin, Vasily"]
[Black "Krasenkow, Michal"]
[Result "0-1"]
[WhiteElo "2500"]
[BlackElo "2590"]
[Annotator "Krasenkow,M"]
[PlyCount "104"]
[EventDate "1995.10.??"]
[EventType "swiss"]
[EventRounds "11"]
[EventCountry "RUS"]
[SourceTitle "CBM 050"]
[Source "ChessBase"]
[SourceDate "1996.02.01"]
[SourceVersion "1"]
[SourceVersionDate "1996.02.01"]
[SourceQuality "1"]

1. e4 {Nikitin} c5 2. Nf3 Nc6 3. d4 cxd4 4. Nxd4 Nf6 5. Nc3 e5 6. Ndb5 d6 7.
Bg5 a6 8. Na3 b5 9. Nd5 Be7 10. Nxe7 Nxe7 11. Bd3 Bb7 12. Qe2 Nd7 13. b4 f6 14.
Bd2 O-O (14... f5 15. c4 O-O $1 {-14...0-0} (15... Nf6 {-Inf.27/368}) (15...
Nf6 $1 {Nikitin} 16. f3 fxe4 17. fxe4 Nc6 18. cxb5 Nd4 19. Qe3 axb5 20. Nxb5
O-O 21. O-O Nxb5 22. Bxb5 Bxe4 23. a4 d5 24. Bc6 d4 $13 {Chiburdanidze,
M-Zaichik,G/Baku/1979/1-0/50/})) 15. c4 f5 $1 16. cxb5 (16. f3 Nc6 $36 (16...
fxe4 {Nikitin} 17. Bxe4 Bxe4 18. Qxe4 Nf6 19. Qc2 bxc4 20. Nxc4 Qc7 21. Qb3 d5
$13)) 16... fxe4 17. Bxe4 d5 18. Bc2 Nf5 $44 {|^[+]} 19. O-O (19. Bxf5 {Nikitin
} Rxf5 20. O-O d4 21. f3 $14 Nf6 $2 22. g4 Nxg4 23. fxg4 Qd5 24. Qc4 $16) 19...
Nd4 20. Qd3 Nxc2 21. Nxc2 axb5 22. Qxb5 Nb6 23. Bg5 (23. Qe2 $142) (23. Rfe1 {
Nikitin} Ba6 24. Qc6 $8 Nc4 25. Qe6+ Kh8 26. Bc1 Rf6 27. Qh3 Qb6 $44) (23. Qe2
{Nikitin} Nc4 24. Bc3 Rc8 $44) 23... Qd6 $1 24. Be7 Qxe7 25. Qxb6 d4 $1 $17 26.
f3 Rfc8 (26... Qd7 $1 27. Ne1 (27. Rf2 Bd5) 27... Ba6 28. Rf2 Rfc8 29. Rc2 Bc4)
27. Rf2 Qd7 (27... Ba6 28. b5 (28. Re1 Bd3) 28... Rcb8 29. Qc6 Bxb5 30. Qd5+
Kh8 31. Re1 d3 32. Ne3) 28. b5 $8 Rc4 (28... Bd5 29. Nb4 Rcb8 30. Nxd5 Qxd5 31.
Qc6 $10) 29. Rd2 Rf8 30. Re1 Rf6 31. Qa7 (31. Qa5 $5 d3 (31... Rg6 32. Rxe5
Bxf3 33. Ne1 Bb7 34. Rde2) 32. Ne3 Qd4 33. Qa3 Rc3 34. Qb2 e4 35. fxe4 Re6 36.
Rf2 Rxe4 $13) 31... Qc7 32. Na3 Rc1 33. Rdd1 Rxd1 (33... Rc3 34. Nb1) 34. Rxd1
Rg6 35. Qa4 Qc3 $4 $138 (35... Bxf3 36. Qb3+ (36. b6 {Nikitin} Rxg2+ 37. Kf1
Qf7 $19) 36... Qf7 37. Qxf7+ Kxf7 38. Rd2 (38. Rf1 $2 {Nikitin} Rxg2+ 39. Kh1
Rg3+ $19) 38... Bd5 $17) 36. Qc4+ Qxc4 37. Nxc4 Bxf3 38. Rd2 $4 $138 (38. Nxe5
Rxg2+ (38... Bxd1 39. Nxg6 d3 (39... hxg6 $4 40. b6 $18) 40. Ne5 $18) 39. Kf1
Bxd1 (39... Ba8 {Nikitin} 40. Rxd4 $16) 40. Kxg2 Bc2 41. Kf3 Bb1 42. b6 Bxa2
43. Ke4 $18) 38... e4 $4 (38... Be4 39. Nxe5 Rg5 40. Nc6 Bxc6 (40... Rxb5 41.
Nxd4 $16) 41. bxc6 Rc5 42. Rxd4 Rxc6 43. a4 Rc2 $1 $14) 39. Kf1 e3 40. Rxd4 $4
(40. Nxe3 $1 dxe3 41. Rd8+ Kf7 42. gxf3 Rh6 43. a4 Rxh2 44. b6 Rb2 45. a5 $18)
40... e2+ 41. Ke1 $2 (41. Kf2 $1 $8 Rxg2+ 42. Kxf3 e1=Q 43. Kxg2 $15) 41...
Rxg2 $19 42. Kd2 Rg1 43. Rd8+ Kf7 44. Ne5+ Ke7 45. Rd7+ Ke6 46. Nxf3 e1=Q+ 47.
Nxe1 Kxd7 48. Nc2 Rg2+ 49. Kd3 Rxh2 50. a4 h5 51. a5 Rxc2 52. Kxc2 h4 0-1

[Event "Aalborg"]
[Site "Aalborg"]
[Date "1995.??.??"]
[Round "8"]
[White "Kovalev, Andrei"]
[Black "Krasenkow, Michal"]
[Result "0-1"]
[WhiteElo "2505"]
[BlackElo "2500"]
[Annotator "Krasenkow,M"]
[PlyCount "86"]
[EventDate "1995.??.??"]
[EventType "tourn"]
[EventRounds "9"]
[EventCountry "DEN"]
[EventCategory "8"]
[SourceTitle "CBM 049 Extra"]
[Source "ChessBase"]
[SourceDate "1996.01.01"]
[SourceVersion "1"]
[SourceVersionDate "1996.01.01"]
[SourceQuality "1"]

1. e4 c5 2. Nf3 e6 3. d4 cxd4 4. Nxd4 Nf6 5. Nc3 Nc6 6. Ndb5 d6 7. Bf4 e5 8.
Bg5 a6 9. Na3 b5 10. Bxf6 gxf6 11. Nd5 f5 12. Bd3 Be6 13. O-O Bxd5 14. exd5 Ne7
15. c3 Bg7 16. Qh5 e4 17. Bc2 Qc8 18. Rae1 O-O 19. Kh1 Ng6 20. Bb1 Be5 $6 $146
(20... Re8 {-61/184}) 21. f4 $1 (21. f3 $5 b4 22. cxb4 Bxb2 23. fxe4 $1 (23.
Nc2 Bc3 24. Re3 Qc4 $13) 23... Bxa3 24. exf5 $40) 21... Nxf4 (21... Bxf4 22.
Nc2 $1 $16) 22. Qg5+ Ng6 23. Nc2 $2 (23. Rxf5 b4 24. cxb4 Bxb2 25. Nc2 Re8 26.
h4 $16) 23... f6 $1 24. Qh5 (24. Qxf5 Qxf5 25. Rxf5 Ne7 26. Rff1 f5 $15) 24...
Ne7 $1 (24... Nf4 $6 25. Rxf4 $1 Bxf4 26. Nd4 $44) 25. Ne3 f4 26. Ng4 (26. Bxe4
f5 27. Qg5+ Kh8 28. Bf3 fxe3 29. Qxe7 Qc4 $1 $36) 26... f5 27. Rxe4 $1 Qe8 $1 (
27... fxe4 28. Bxe4 Ng6 29. Nxe5 dxe5 30. Bxg6 $44) 28. Qg5+ $1 Qg6 (28... Kh8
$6 29. Rxe5 dxe5 30. d6 $44 Nc8 $140 $6 31. Bxf5 Nxd6 32. Bxh7 $1) 29. Qxe7
fxe4 30. Nxe5 dxe5 31. d6 $2 (31. Qb4 {/\32.B><e4~/=} Rfc8 $1 32. Qxe4 (32. Qe7
Qf5 (32... Re8 33. Qb4) 33. g4 (33. Bxe4 Qxe4 34. Qe6+ Kg7 35. Qe7+ Kg6 36.
Qe6+ Kh5 $19) 33... Qg6 $17) (32. Bxe4 a5 $1 33. Bxg6 axb4 $17) 32... Qxe4 33.
Bxe4 $15) 31... Rae8 32. Qb7 (32. Qc7 Rd8 33. d7 Qe6 34. Rd1 e3) 32... Qxd6 33.
Qxe4 Re7 $19 34. a4 bxa4 35. Qxa4 Qb6 36. Qc4+ $2 (36. Qa3 $142) 36... Kh8 37.
b4 Qb5 38. Bd3 Qxc4 39. Bxc4 Rc8 40. Bxa6 Rxc3 41. Kg1 Rb3 42. b5 Rc7 43. Re1
Rb2 0-1